000 00347 a2200157 4500
001 194301
020 _a978-85-08-17244-3
040 _cMagnum
100 _aIaccoca, Liliana
240 1 0 _aClact...Clact...Clact...
_lpor
245 1 0 _aClact...Clact...Clact...
300 _a16
362 0 _a2015
697 _aLITERATURA INFANTO
942 _cBK
999 _c194301
_d194301